Institutionum elementarium philosophiae ad usum studiosae juventutis / (Record no. 154878)

MARC details
000 -LEADER
campo de control de longitud fija 00706nam a22002055i 4500
001 - NÚMERO DE CONTROL
campo de control 154878
003 - IDENTIFICADOR DE NÚMERO DE CONTROL
campo de control ES-MaACL
005 - FECHA Y HORA DE LA ÚLTIMA TRANSACCIÓN
campo de control 20250804062750.0
008 - DATOS DE LONGITUD FIJA--INFORMACIÓN GENERAL
campo de control de longitud fija 940202s1833 sp |||| | lat d
040 ## - FUENTE DE CATALOGACIÓN
Centro catalogador/agencia de origen CAM
Lengua de catalogación spa
100 1# - ENTRADA PRINCIPAL--NOMBRE DE PERSONA
Nombre de persona Guevara y Basoazabal, Andrés de.
9 (RLIN) 127609
245 10 - MENCIÓN DEL TÍTULO
Título Institutionum elementarium philosophiae ad usum studiosae juventutis /
Mención de responsabilidad, etc. ab Andrea de Guevara et Basoazabal...
260 ## - PUBLICACIÓN, DISTRIBUCIÓN, ETC.
Lugar de publicación, distribución, etc. Matriti :
Nombre del editor, distribuidor, etc. [s.n.],
Fecha de publicación, distribución, etc. 1833 (
Fabricante Typographia Regia)
300 ## - DESCRIPCIÓN FÍSICA
Extensión 4 v. ;
Dimensiones 16 cm.
650 #7 - PUNTO DE ACCESO ADICIONAL DE MATERIA--TÉRMINO DE MATERIA
Término de materia o nombre geográfico como elemento de entrada Filosofía
Fuente del encabezamiento o término embne
9 (RLIN) 12802
710 21 - ENTRADA AGREGADA--NOMBRE DE ENTIDAD CORPORATIVA
Nombre de entidad corporativa o nombre de jurisdicción como elemento de entrada Tipografia Regia,
Término indicativo de función/relación
9 (RLIN) 134976
752 ## - ENTRADA AGREGADA--NOMBRE JERÁRQUICO DEL LUGAR
País o entidad superior España -
Ciudad Madrid
852 ## - LOCALIZACIÓN
Ubicación ES-MaACL
Número de control de estantería G-494
Nota libre -- Enc. piel
condición física -- Sólo t.II
Holdings
Estatus retirado Estado de pérdida Estado de daño No para préstamo Colección Biblioteca de origen Biblioteca actual Ubicación en estantería Fecha de adquisición Fuente de adquisición Total de préstamos Signatura topográfica completa Código de barras Visto por última vez Precio de reemplazo Tipo de ítem Koha
        Libros del s. XIX Biblioteca del Ateneo de Madrid Biblioteca del Ateneo de Madrid Depósito 2 17/01/2008     G-494 1162004 23/02/2023 23/02/2023 Libro impreso antiguo